रणांगण (Record no. 451037)

MARC details
000 -LEADER
fixed length control field 00429nam a2200145Ia 4500
008 - FIXED-LENGTH DATA ELEMENTS--GENERAL INFORMATION
fixed length control field 100204s9999 xx 000 0 und d
082 ## - DEWEY DECIMAL CLASSIFICATION NUMBER
Item number 6599
100 ## - MAIN ENTRY--PERSONAL NAME
Personal name बेडेकर विश्राम
245 ## - TITLE STATEMENT
Title रणांगण
260 ## - PUBLICATION, DISTRIBUTION, ETC. (IMPRINT)
Name of publisher, distributor, etc "देशमुख आणि कंपनी , पुणे"
Date of publication, distribution, etc 1983 6
300 ## - PHYSICAL DESCRIPTION
Extent 121
630 ## - SUBJECT ADDED ENTRY--UNIFORM TITLE
Uniform title रणांगण
730 ## - ADDED ENTRY--UNIFORM TITLE
Uniform title रणांगण
942 ## - ADDED ENTRY ELEMENTS (KOHA)
Koha item type Book
Holdings
Withdrawn status Lost status Damaged status Not for loan Home library Current library Date acquired Cost, normal purchase price Total Checkouts Full call number Barcode Date last seen Cost, replacement price Price effective from Koha item type
        N. C. Kelkar Sarvajanik Library, Mulund N. C. Kelkar Sarvajanik Library, Mulund 02/04/2010 16.00   6599 NCKMULUND-6599 02/04/2010 16.00 02/04/2010 Book